Amenazas espaciales /

Asteroides, cometas, rayos gamma y el sol. Todos estos factores hacen de la tierra un lugar muy peligroso para vivir. Muchos científicos se dedican a identificar estas amenazas e idear maneras de defender a la tierra.

Guardado en:
Autor Principal: Cohen, Douglas
Autor Corporativo: History Channel.
Formato: Deslizar
Publicado: Estados Unidos, 2007.
Series:El Universo I / History Channel
Materias:
SOL
Etiquetas: Agregar Etiqueta
Sin Etiquetas, Sea el primero en etiquetar este registro!
LEADER 01152ngm a22003255g 4500
001 CEM.cems023201
008 130507s2007##################0###0#####d
005 20250219151118.0
245 1 0 |a Amenazas espaciales /  |c Douglas Cohen. 
260 |a Estados Unidos,  |c 2007. 
300 |a 44'. 
490 0 |a El Universo I / History Channel 
500 |a Consultar en ventanilla. 
520 |a Asteroides, cometas, rayos gamma y el sol. Todos estos factores hacen de la tierra un lugar muy peligroso para vivir. Muchos científicos se dedican a identificar estas amenazas e idear maneras de defender a la tierra. 
590 |a Identificación anterior registrada en SIABUC: DVD Nº97 
538 |a Soporte: DVD - Color: Si - Grabación DRD 
100 1 |a Cohen, Douglas 
710 2 |a History Channel. 
082 5 2 |/ COH-1.1 
653 |a ASTRONOMÍA 
653 |a SISTEMA SOLAR 
653 |a UNIVERSO 
653 |a ASTEROIDES 
653 |a COMETAS 
653 |a SOL 
653 |a VÍA LÁCTEA 
653 |a NIVEL SECUNDARIO 
653 |a DOCUMENTAL 
653 |a SERIE 
859 |a CEMS  |b BIB. CEMS - Depto. Recursos Didacticos  |h 520  |i COH-1.1  |k DRD  |p 1844.13  |t Ej.1